00191nam a2200085Ia 4500100001800000654001600018245002700034260003200061546001200093 aMukhi/ Vijay  aOracle 6.0. aOracle 6.0. The bascis bB.P.B. PubaNew Delhic1993 aENGLISH